000 00674nam a2200229 a 4500
001 BRCA_5368
005 20190320205041.0
008 081210s1989----u--a######---#000-0#eng-#
020 _a0399515615
041 _aeng
044 _au
050 4 _aNK8454
_b.L95 1989
245 1 0 _aThe Lyle
_bofficial Antiques review 1990
_cAnthony Curtis.
260 _aEstados Unidos
_bA Perigee Book
_c1989
300 _a672 p.
_bil.
_c22 cm.
500 _aIncluye índice alfabético
500 _aDonación Dr. Héctor Rivero Borrell Vázquez
650 1 4 _aAntigüedades
_vCatálogos
_xColecciones
_y1990
_913741
700 1 _aCurtis, Anthony
_913742
902 _aDHR
942 _2lcc
_cB
999 _c5062
_d5062